00500nam a2200157 a 450000100060000000300090000600800410001504000280005608200170008410000180010124501480011926000350026730000080030265000150031065000170032514128CO-ViMGA141112s2004 ck r 000 u spa d aCO-ViMGAbspacCO-ViMGA04a613.79 S645c1 aSoglow, M. H.10aCamino a la salud : beste es un libro que nos enseña como relajarse, como prevenir la tension, como desarrollar una forma saludable de vida. aMexico : bContinental, c1962 a27614aRELAJACION14aSALUD MENTAL